00889nam a22002531 450000100060000000300080000600500170001400800410003103500190007204000370009104100080012808200250013610000300016124500430019126000340023430000310026850000290029950400360032852000690036465000310043394200120046499900170047695201420049332879BD-RjUL20211209051917.0140428s1968 enkab b 001 0 eng d a(BD-RjUL)32969 aDLCcDLCdUKMdZCUdBD-RjULbeng aeng04a299.51218bCHC 19681 aChristie, Anthony.99994910aChinese mythology /c Anthony Christie aLondon :bPaul Hamlyn,c1968. a5-141 p. ;bill. ;c29 cm. aIllus. on lining papers. aBibliography: p. 136. and Index aDiscusses the myths and gods of ancient China and their sources. 0aMythology, Chinese.999950 2ddccBK c32879d32879 00102ddc40718NFICaRUCLbRUCLcReadingd1969-12-22eQ. B. Caufreg14.80l0o299.51 CHC 1968r2014-04-28 00:00:00tC-1w2014-04-28yBK